Περιφερειακές Ενότητες της Ελλάδας που Συνορεύουν Άλλες Χώρες - Statistics

General Stats
  • This quiz has been taken 13 times
  • The average score is 10 of 11
Answer Stats
Συνορευμένη Χώρα Περιφερειακή Ενότητα % Correct
Βουλγαρία, Τουρκία Έβρου
100%
Αλβανία Ιωαννίνων
92%
Αλβανία Καστοριάς
92%
Αλβανία, Βόρεια Μακεδονία Φλώρινας
92%
Βόρεια Μακεδονία Κιλκίς
92%
Βόρεια Μακεδονία, Βουλγαρία Σερρών
92%
Βουλγαρία Δράμας
92%
Βουλγαρία Ξάνθης
92%
Βουλγαρία Ροδόπης
92%
Βόρεια Μακεδονία Πέλλας
83%
Αλβανία Θεσπρωτίας
50%
No matching quizzes found
Score Distribution
Percent of People with Each Score
Percentile by Number Answered
Your Score History
You have not taken this quiz